[Event "Titled Tuesday intern op 08th Nov Late"]
[Site "Chess.com INT"]
[Date "2022.11.08"]
[Round "2"]
[White "Young, Ryan"]
[Black "Ezat, Mohamed Mahmoud"]
[Result "0-1"]
[WhiteElo "1888"]
[BlackElo "2404"]
[PlyCount "107"]
[EventDate "2022.11.08"]
[EventType "swiss (blitz)"]
[EventRounds "11"]
[EventCountry "USA"]
[SourceTitle "EXT 2024"]
[Source "ChessBase"]
[SourceDate "2023.10.10"]
[SourceVersion "1"]
[SourceVersionDate "2023.10.10"]
[SourceQuality "1"]

1. e4 e5 2. Nf3 Nc6 3. Bc4 Nf6 4. d3 Be7 5. 0-0 0-0 6. Nbd2 d6 7. c3 Nd7 8. Re1 Kh8 9. Nf1 Nb6 10. Bb3 f5 11. exf5 Bxf5 12. h3 Bg6 13. Ng3 Nd7 14. d4 exd4 15. cxd4 Bf6 16. Be3 Nb6 17. Rc1 Na5 18. Bc2 Bxc2 19. Qxc2 Nd5 20. a3 Nc6 21. b4 a6 22. Qb3 Nce7 23. Ne4 c6 24. Nxf6 Rxf6 25. Bg5 Rf7 26. Re2 Qd7 27. Rce1 Ng6 28. Qd3 Ngf4 29. Bxf4 Nxf4 30. Qe3 Nxe2+ 31. Qxe2 Raf8 32. Qe4 Qf5 33. Qxf5 Rxf5 34. Re7 R5f7 35. Re6 Rd7 36. Kf1 Rdd8 37. Re7 Rb8 38. Ng5 Kg8 39. Rd7 h6 40. Ne4 Rfd8 41. Re7 Re8 42. Rxe8+ Rxe8 43. Nxd6 Re7 44. f3 Rd7 45. Ne4 Rxd4 46. Ke2 b6 47. Ke3 Rd5 48. f4 a5 49. g4 axb4 50. axb4 Rb5 51. Nc3 Rxb4 52. Kd3 Rxf4 53. Ne4 Rxe4 54. Kxe4 0-1

[Event "Titled Tuesday intern op 01st Nov Late"]
[Site "Chess.com INT"]
[Date "2022.11.01"]
[Round "7"]
[White "Averjanov, Alexey"]
[Black "Young, Ryan"]
[Result "1/2-1/2"]
[WhiteElo "2399"]
[BlackElo "1888"]
[PlyCount "150"]
[EventDate "2022.11.01"]
[EventType "swiss (blitz)"]
[EventRounds "11"]
[EventCountry "USA"]
[SourceTitle "EXT 2024"]
[Source "ChessBase"]
[SourceDate "2023.10.10"]
[SourceVersion "1"]
[SourceVersionDate "2023.10.10"]
[SourceQuality "1"]

1. d4 Nf6 2. c4 e6 3. Nf3 Bb4+ 4. Nbd2 0-0 5. g3 d6 6. Bg2 Nbd7 7. 0-0 Bxd2 8. Qxd2 a5 9. b3 Qe7 10. Bb2 e5 11. Rac1 Re8 12. dxe5 dxe5 13. Ng5 h6 14. Ne4 Nxe4 15. Bxe4 Nf6 16. Bg2 c6 17. Rfd1 Bg4 18. h3 Bh5 19. Kf1 a4 20. Bc3 axb3 21. axb3 Bg6 22. Bb4 Qe6 23. Qd6 Qf5 24. Qd2 h5 25. Qe3 Ra2 26. Ra1 Rea8 27. Rxa2 Rxa2 28. Bc3 Qc2 29. Rc1 Qxb3 30. Qxe5 Qxc4 31. Bf3 Be4 32. Kg2 Qxe2 33. Qxe4 Qxe4 34. Bxe4 Nxe4 35. Bd4 Rd2 36. Be3 Rd7 37. Kf3 Nf6 38. Ra1 Nd5 39. Bc5 f6 40. Ra8+ Kf7 41. g4 hxg4+ 42. hxg4 Kg6 43. Kg3 b6 44. Bd4 Rc7 45. Rd8 Ne7 46. f4 c5 47. f5+ Kf7 48. Be3 Nc6 49. Ra8 Ne5 50. Rb8 Rc6 51. Bf4 c4 52. g5 g6 53. Rb7+ Kg8 54. gxf6 Nd3 55. Rg7+ Kf8 56. Bh6 Rxf6 57. Rxg6+ Kf7 58. Rg7+ Ke8 59. Be3 Rf7 60. Rg8+ Rf8 61. Rxf8+ Kxf8 62. Bxb6 Kf7 63. Kf3 c3 64. Be3 c2 65. Ke4 c1Q 66. Bxc1 Nxc1 67. Ke5 Na2 68. f6 Nb4 69. Kf5 Nc2 70. Ke5 Nd4 71. Kf4 Nc6 72. Kf5 Na7 73. Ke5 Nc8 74. Kd5 Nd6 75. Kxd6 Kxf6 1/2-1/2

[Event "Titled Tuesday intern op 01st Nov Late"]
[Site "Chess.com INT"]
[Date "2022.11.01"]
[Round "2"]
[White "Dimitrov, Atanas Valtchev"]
[Black "Young, Ryan"]
[Result "1-0"]
[WhiteElo "2269"]
[BlackElo "1888"]
[PlyCount "87"]
[EventDate "2022.11.01"]
[EventType "swiss (blitz)"]
[EventRounds "11"]
[EventCountry "USA"]
[SourceTitle "EXT 2024"]
[Source "ChessBase"]
[SourceDate "2023.10.10"]
[SourceVersion "1"]
[SourceVersionDate "2023.10.10"]
[SourceQuality "1"]

1. e4 e5 2. Nc3 Nf6 3. f4 d5 4. fxe5 Nxe4 5. Qf3 Nc6 6. Bb5 Nxc3 7. dxc3 Qh4+ 8. g3 Qe4+ 9. Qxe4 dxe4 10. Be3 Bd7 11. Bxc6 Bxc6 12. Ne2 h5 13. 0-0-0 Be7 14. c4 Bd7 15. h3 0-0-0 16. Nc3 Bc6 17. Rxd8+ Rxd8 18. Rf1 f6 19. Ne2 Bd7 20. exf6 Bxf6 21. Nf4 h4 22. g4 Bc6 23. Nh5 Rf8 24. Rf2 Be8 25. Nxf6 Rxf6 26. Rxf6 gxf6 27. Bd4 f5 28. gxf5 Bd7 29. f6 Kd8 30. Bf2 Bxh3 31. Bxh4 Ke8 32. Kd2 Kf7 33. Ke3 Bg2 34. Kf4 c6 35. Bg5 Ke6 36. b3 a6 37. Bh4 b5 38. cxb5 cxb5 39. c3 Bf3 40. a4 bxa4 41. bxa4 Bg2 42. a5 Bf3 43. Ke3 Kd6 44. f7 1-0

[Event "Titled Tuesday intern op 01st Nov Late"]
[Site "Chess.com INT"]
[Date "2022.11.01"]
[Round "5"]
[White "Young, Ryan"]
[Black "Winkels, Marcel"]
[Result "1-0"]
[WhiteElo "1888"]
[BlackElo "1965"]
[PlyCount "121"]
[EventDate "2022.11.01"]
[EventType "swiss (blitz)"]
[EventRounds "11"]
[EventCountry "USA"]
[SourceTitle "EXT 2024"]
[Source "ChessBase"]
[SourceDate "2023.10.10"]
[SourceVersion "1"]
[SourceVersionDate "2023.10.10"]
[SourceQuality "1"]

1. e4 d6 2. d4 Nf6 3. Nc3 e5 4. Nf3 Nbd7 5. Bc4 c6 6. a4 Be7 7. a5 h6 8. Bb3 0-0 9. 0-0 Re8 10. h3 Bf8 11. Qd3 exd4 12. Nxd4 Nc5 13. Qc4 Be6 14. Nxe6 Rxe6 15. f3 Nxb3 16. Qxb3 d5 17. exd5 Nxd5 18. Nxd5 cxd5 19. Bf4 b6 20. Rad1 Bc5+ 21. Kh1 d4 22. a6 Qf6 23. Bg3 Re2 24. Qd3 Rae8 25. Rd2 Qe6 26. Rxe2 Qxe2 27. Re1 Qxe1+ 28. Bxe1 Rxe1+ 29. Kh2 g6 30. g3 Re3 31. Qd1 Kg7 32. Kg2 Re6 33. b3 b5 34. Qd3 b4 35. Qc4 Re5 36. f4 Rf5 37. g4 Rxf4 38. Qxc5 Rf6 39. Qe5 g5 40. Qxd4 Kg6 41. Qe4+ Kg7 42. Qxb4 Rxa6 43. Qd4+ Rf6 44. b4 Kg6 45. c4 Rf4 46. Qd5 f6 47. b5 Kg7 48. Qd7+ Kg8 49. Qd5+ Kg7 50. c5 Rb4 51. Qd7+ Kg6 52. Qd5 Kg7 53. Qd6 Rxb5 54. Qd7+ Kg6 55. Qxb5 a6 56. Qc6 a5 57. Qb6 a4 58. c6 a3 59. c7 a2 60. c8Q a1Q 61. Qg8# 1-0